Loading...

CHEMISTRY OF FOOD AND NUTRITION

Bibliographic Details
Main Author: SHERMAN ,HENRY
Format: Printed Book
Published: NEW DELHI McMILLAN
Edition:8
Subjects:
LEADER 00514nam a2200181 4500
020 |c 7 
082
100 |a SHERMAN ,HENRY 
245 |a CHEMISTRY OF FOOD AND NUTRITION  |h ENGLISH 
250 |a 8 
260 |a NEW DELHI  |b McMILLAN  |c   
300 |a 0 
500 |a   
590 |d Dollar 7 
650 |a CHEMISTRY OF FOOD AND NUTRITION 
942 |c BK 
999 |c 119126  |d 119126 
952 |0 3  |1 0  |2 ddc  |4 0  |7 0  |9 132591  |a CHE  |b CHE  |g 7.00  |l 0  |p CHE432  |r 2019-10-15  |w 2019-10-15  |y BK